A-Z Asian Cities by Picture - Statistics

General Stats
  • This quiz has been taken 64 times
  • The average score is 18 of 26
Answer Stats
Picture Hint Answer % Correct
D Dubai
94%
A Agra
93%
K Kuala Lumpur
93%
B Bangkok
91%
J Jerusalem
89%
H Hong Kong
87%
S Singapore
87%
G Guangzhou
83%
O Osaka
83%
X Xi'an
83%
T Taipei
81%
L Lhasa
80%
W Wuhan
78%
P Pyongyang
76%
Y Yangon
74%
U Ulaanbaatar
72%
M Malé
65%
R Riyadh
65%
V Vientiane
63%
N New Delhi
61%
F Faisalabad
52%
I Isfahan
44%
E Erbil
31%
Q Quezon City
31%
C Colombo
30%
Z Zamboanga City
6%
No matching quizzes found
Score Distribution
Percent of People with Each Score
Percentile by Number Answered
Your Score History
You have not taken this quiz